000 00803nas a2200265 4500
001 BR0303685
003 BR-BrBNA
005 20231205103941.0
007 ta
008 230509b bl.|||p| |||| 00| 00por d
040 _aBR-BrBNA
_bpor
_cBiblioteca Nacional de Agricultura
041 _a(Pt)
072 _aL73; L70
100 1 _aMendes, L.C.N.
100 1 _aPeiró, J.R.
100 1 _aFeitosa, F.L.F.
245 1 _aEficácia do florfenicol no tratamento da ceratoconjuntivite infecciosa ovina naturalmente adquirida
650 _aOVINO
650 _aCONJUNTIVITE
650 _aDOENÇA ANIMAL
650 _aMEDICAMENTO
773 0 _tArs Veterinária (Brazil)
_xISSN 0102-6380
_g(Dec 2002), v. 18(3) p. 238-242
_wBR0303685
909 _a202311
_bLúcia
_c55
_dLúcia Elande
942 _2AGRIS
_n0
_cANA
999 _c175613
_d175613